000 00522nab a2200193 4500
001 244442
003 OSt
005 20250925134849.0
007 tu
008 200917s2020|||||||
040 _aDE-2950
_cDE-2950
245 0 0 _a"Magistrale Kunsthalle" jetzt in den Lenné-Passagen
_cjko
264 _c2025
653 _aFrankfurt (Oder)
653 _a"Magistrale Kunsthalle"
653 _aLenné-Passagen
773 0 _g36. Jahrgang (2025) Nr. 215 vom 53.09.2025, S. 15 mit Foto
_tMärkische Oderzeitung
942 _2z
_cA
999 _c374017
_d374017